| 000 | 00464nam a22001817a 4500 | ||
|---|---|---|---|
| 003 | CEME | ||
| 005 | 20210628202723.0 | ||
| 008 | 210127b xxu||||| |||| 00| 0 eng d | ||
| 020 | _a81-7445-222-2 | ||
| 040 | _c. | ||
| 082 | _a004 DAW | ||
| 100 |
_aDawra, Sudhir _961245 |
||
| 245 | _aInformation technology;theory and practice | ||
| 260 |
_aNEW DELHI _bVIVA BOOKS _c2003 |
||
| 300 | _aV,348P | ||
| 650 |
_aINFORMATION TECHNOLOGY .IT _92610 |
||
| 942 |
_cBK _2ddc |
||
| 999 |
_c570762 _d570762 |
||